MARC details
| 000 -LEADER |
| campo de control de longitud fija |
01127nkm a22002417a 4500 |
| 001 - NÚMERO DE CONTROL |
| campo de control |
85813 |
| 005 - FECHA Y HORA DE LA ÚLTIMA TRANSACCIÓN |
| campo de control |
20260421102117.0 |
| 007 - CAMPO FIJO DE DESCRIPCIÓN FÍSICA--INFORMACIÓN GENERAL |
| campo de control de longitud fija |
kf bc |
| 008 - DATOS DE LONGITUD FIJA--INFORMACIÓN GENERAL |
| campo de control de longitud fija |
260416s18991904sp ||||| |||| |0| i|spa d |
| 040 ## - FUENTE DE CATALOGACIÓN |
| Centro catalogador/agencia de origen |
M-RABA |
| Lengua de catalogación |
spa |
| Centro/agencia transcriptor |
M-RABA |
| 245 11 - MENCIÓN DEL TÍTULO |
| Título |
[Retrato de Johann Heinrich Pestalozzi] |
| Mención de responsabilidad, etc. |
/ Hauser y Menet |
| Medio |
[Material gráfico] |
| 260 ## - PUBLICACIÓN, DISTRIBUCIÓN, ETC. |
| Lugar de publicación, distribución, etc. |
: Madrid |
| Nombre del editor, distribuidor, etc. |
: Hauser y Menet |
| Fecha de publicación, distribución, etc. |
[1899-1904?] |
| 300 ## - DESCRIPCIÓN FÍSICA |
| Extensión |
1 fotografía |
| Otras características físicas |
: Fototipia |
| Dimensiones |
; imagen 22,5 x 16 cm |
| 500 00 - NOTA GENERAL |
| Nota general |
Fotograbado del retrato de Johann Heinrich Postalozzi. |
| 500 00 - NOTA GENERAL |
| Nota general |
Obra original de Francisco Javier Ramos y Albertos, conservada en el Museo de la Real Academia de Bellas Artes de San Fernando (número de inventario 0700). |
| 500 00 - NOTA GENERAL |
| Nota general |
Fechas tomadas del mayor auge del estudio fotográfico |
| 600 17 - PUNTO DE ACCESO ADICIONAL DE MATERIA--NOMBRE DE PERSONA |
| Nombre de persona |
Pestalozzi, Johann Heinrich ( |
| Fechas asociadas al nombre |
1746-1827) |
| 9 (RLIN) |
70460 |
| 655 #7 - TERMINO DE INDIZACIÓN--GENERO/FORMA |
| Datos o término principal de género/forma |
Fotografías de obras de arte |
| 9 (RLIN) |
75675 |
| 710 2# - ENTRADA AGREGADA--NOMBRE DE ENTIDAD CORPORATIVA |
| Nombre de entidad corporativa o nombre de jurisdicción como elemento de entrada |
Hauser y Menet (Madrid) |
| 9 (RLIN) |
50978 |
| 852 ## - LOCALIZACIÓN |
| Número de control de estantería |
Fot-657 |
| 856 ## - LOCALIZACIÓN Y ACCESO ELECTRÓNICOS |
| Identificador Uniforme de Recurso |
<a href="https://archivoybiblioteca.realacademiabellasartessanfernando.com/cgi-bin/koha/opac-retrieve-file.pl?id=9fe6214aae6b1e6a133e6569d9400704">https://archivoybiblioteca.realacademiabellasartessanfernando.com/cgi-bin/koha/opac-retrieve-file.pl?id=9fe6214aae6b1e6a133e6569d9400704</a> |
| Texto de enlace |
Fot-657 |
| 942 ## - ELEMENTOS DE ENTRADA SECUNDARIOS (KOHA) |
| Tipo de ítem Koha |
Fotografías |
| Suprimir en OPAC |
No |